000 00358nam a22001577a 4500
003 SGT
020 _a9780323930710
082 _a617.643
_bC26F
100 _aFields, Henry W... et. al.
245 _aContemporary Orthodontics
250 _a7th Ed.
260 _aNetherlands
_bElsevier
_c2026
300 _a800
650 _aOrthodontics
942 _2ddc
_cBK
999 _c33018
_d33018